| 000 | 00897nmc a2200325 a 4500 | ||
|---|---|---|---|
| 003 | AR-BaBNM | ||
| 005 | 20251128204059.0 | ||
| 008 | 255019s1988 ||||||||||||||000 | spa|| | ||
| 040 | _cAR-BaBNM | ||
| 100 | 1 | _aThomas, Dylan | |
| 245 | 1 | 0 |
_aFern Hill _by otros poemas |
| 260 |
_aBuenos Aires _bCentro Editor de América Latina _c1988 |
||
| 300 | 0 |
_a31 p. _bil. |
|
| 490 | 0 |
_aLos grandes poemas _vv. 20 |
|
| 600 | 1 | 4 | _aThomas, Dylan Marlais |
| 650 | 4 | _aPOETAS | |
| 650 | 4 | _aPOESIA CONTEMPORANEA | |
| 650 | 4 | _aLITERATURA INGLESA | |
| 650 | 4 | _aPOESIAS | |
| 650 | 4 | _aANALISIS LITERARIO | |
| 650 | 4 | _aBIOGRAFIAS | |
| 650 | 4 | _aCRITICA LITERARIA | |
| 655 | _aLITERATURA | ||
| 700 | 1 |
_aGambolini, Gerardo _ecompilador |
|
| 700 | 1 |
_aFondebrider, Jorge _eprologuista |
|
| 700 | 1 |
_aGorriarena, Carlos _eilustrador |
|
| 800 | 1 |
_aLafforgue, Jorge _edirector |
|
| 942 | _cBK | ||
| 998 | _cEthel | ||
| 999 |
_c6089 _d6089 |
||